Normal view
MARC view
- البنوك -- معاجم -- البنوك الدولية -- معجم مصطلحات -- اللغة الانجليزية -- معاجم -- اللغة العربية
Entry Topical Term
001 - CONTROL NUMBER
- control field: 27512
003 - CONTROL NUMBER IDENTIFIER
- control field: JO-AjAnu
005 - DATE AND TIME OF LATEST TRANSACTION
- control field: 20230606074655.0
008 - FIXED-LENGTH DATA ELEMENTS
- fixed length control field: 230606|| aca||aabn | a|a d
040 ## - CATALOGING SOURCE
- Original cataloging agency: JO-AjAnu
- Transcribing agency: JO-AjAnu
150 ## - HEADING--TOPICAL TERM
- Topical term or geographic name entry element: البنوك -- معاجم -- البنوك الدولية -- معجم مصطلحات -- اللغة الانجليزية -- معاجم -- اللغة العربية
670 ## - SOURCE DATA FOUND
- Source citation: Work cat.: (JO-AjAnu)14128: إعداد جون كلارك, author 27511, قاموس المصطلحات الدولية المصرفية إنجليزي - عربي = Dictionary of international banking and finance terms English-Arabic